000 00385cam a22001337a 4500
008 180718b2006 xxu||||| |||| 00| 0 eng d
082 _aA81x54 01/17A/A
100 _aCensus of India 2001
245 _aTripura: administrative atlas
260 _aDelhi
_bThe Controller of Publications
_c2006
300 _a80p.
440 _aCensus of India 2001
650 _aTripura - Atlases - Census
999 _c490516
_d490516